| 000 | 00578nam a2200229Ia 4500 | ||
|---|---|---|---|
| 005 | 20250425162035.0 | ||
| 008 | 250425s9999 xx 000 0 und d | ||
| 020 | _a155563026X | ||
| 041 | _aeng | ||
| 082 | _a622.1828 | ||
| 110 | _aSOCIETY OF PETROLEUM ENGINEERS OF AIME | ||
| 245 | 0 | _aHYDRAULIC FRACTURING-1 | |
| 250 | _aS.E. | ||
| 260 |
_aEstados Unidos _bSPE _c1990 |
||
| 260 | _aRICHARDSON | ||
| 300 | _a429 | ||
| 500 | _aSPE reprint series No. 28 | ||
| 650 | _aFRACTURA HIDRAULICA | ||
| 650 | _aPOZOS PETROLIFEROS-FRACTURA | ||
| 942 | _c01 | ||
| 010 | _a41958 | ||
| 999 |
_c221156 _d221156 |
||